Najslabším článkom bezpečnosti firiem sú zamestnanci nehrozí aj vám únik informácií a útok metódami sociálneho inžinierstva?

Sociálne inžinierstvo ako technika zameraná na získavanie informácií formou presviedčania a podvádzania ľudského personálu. Možnosti získavania dôverných informácií rôznymi podvodnými spôsobmi. Phishing, pharming a sociálne siete. Prevencia priemyselnej špionáže.

Na minha lista:
Detalhes bibliográficos
Autor principal: Zábojník, Juraj
Formato: Capítulo de Livro
Idioma:eslovaco
Assuntos:
Tags: Adicionar Tag
Sem tags, seja o primeiro a adicionar uma tag!

MARC

LEADER 00000naa a2200000 4500
001 0122789
005 20220725111507.7
041 0 |a slo 
044 |a SK 
245 1 0 |a Najslabším článkom bezpečnosti firiem sú zamestnanci  |b nehrozí aj vám únik informácií a útok metódami sociálneho inžinierstva?  |c Juraj Zábojník 
520 |a Sociálne inžinierstvo ako technika zameraná na získavanie informácií formou presviedčania a podvádzania ľudského personálu. Možnosti získavania dôverných informácií rôznymi podvodnými spôsobmi. Phishing, pharming a sociálne siete. Prevencia priemyselnej špionáže. 
610 2 0 |a technológie informačné 
610 2 0 |a technológie komunikačné 
610 2 0 |a informácie strategické 
610 2 0 |a špionáž priemyselná 
610 2 0 |a špionáž hospodárska 
610 2 0 |a tajomstvo profesijné 
610 2 0 |a vlastníctvo duševné 
610 2 0 |a systémy bezpečnostné 
100 1 |a Zábojník, Juraj